000 00704nam a2200241Ia 4500
003 OSt
005 20220918201325.0
006 a|||||r|||| 00| 0
007 ta
008 220917b |||||||| |||| 00| 0 eng d
024 _a93,131
037 _cTextual
040 _aARTS
_cARTS
_beng
041 _2eng
_aeng
082 _aV1:51.N64<--N39, K5
100 _aLevenstein Aaron
_998132
245 0 _aFreedom's advocate
_b A twenty five year chronicle
260 _aNew York
_bViking Press
_c1965
300 _axiii, 304p.
_ccm.
650 _aINDIA - HISTORY - FREEDOM STRUGGLE; HISTORY
942 _hV1:51.N64<--N39, K5
_cTEXL
_2CC
999 _c216779
_d216779